| 000 | 00610nam a2200205 u 4500 | ||
|---|---|---|---|
| 005 | 20230921063700.0 | ||
| 008 | 100527s1999 r 000 0 eng d | ||
| 020 | _a9582004878 | ||
| 035 | _aUPN01000176164 | ||
| 049 | _aCG | ||
| 050 | 4 |
_aPQ8180.15 CH4.8 _bA8.2 |
|
| 100 | 1 |
_aEcheverry Restrepo, Javier, _d1949- |
|
| 245 | 1 | 0 |
_aAtaúd x teléfono / _cJavier Echeverry Restrepo. |
| 260 |
_aSanta Fé de Bogotá : _bMagisterio, _c1999. |
||
| 300 |
_a66 p. : _bil. |
||
| 440 | 0 |
_aMontaña mágica ; _v58 |
|
| 650 | 7 |
_aCuentos colombianos _2 _96585 |
|
| 650 | 4 |
_aLiteratura colombiana _912879 |
|
| 905 | _aLibro | ||
| 999 |
_c148267 _d148267 |
||